000 01996cam a22003854i 4500
003 PE-LiUPU
005 20250731183436.0
008 150706s r 000 0 d
020 _a9780714849461
035 _a(Sirsi) i9780714849461
040 _aPE-LiUPU
_bspa
_cPE-LiUPU
_erda
049 _aPRUA
082 0 4 _a720.92
_bC29
_221
100 1 _aCastanheira, Carlos,
_eautor.
245 1 0 _aÁlvaro Siza :
_bthe function of beauty /
_cCarlos Castanheira.
264 1 _aLondon, New York :
_bPhaidon Press,
_c2009.
300 _a303 páginas :
_bilustraciones ;
_c30 cm.
336 _atext
_2rdacontent
337 _aunmediated
_2rdamedia
338 _avolume
_2rdacarrier
505 0 _aBouca, águas férreas cooperative -- Braganca terraces -- Insel -Hombroich foundation museum of architecture -- Sao bento underground station -- Zaida building, patio house -- Ibere camargo foundation museum -- Centre for "camilian" studies -- Multipurpose pavilion -- Masterplan for vila do conde´s coastal road -- Viana do castelo municipal library -- Masterplan for leca da palmeira´s coastal road -- House in pego -- House in Mallorca -- Institute of educational sciences -- Armanda passos house and studio -- Centre for development of new enterprise -- Ribera-Serrallo sports complex -- Adega mayor winery -- Anyang Álvaro Siza hall -- Mimesis museum -- Quinta do portal winery -- Biography.
526 _aP158
526 _aP146
526 _aP17
526 _aP12
526 _aP06
600 1 _aSiza Vieira, Álvaro Joaquim de Melo.
_d1933-
_xCrítica e interpretación
650 1 4 _aArquitectura portuguesa
_vMonografías.
650 2 4 _aArquitectos
_ySiglo XX
_vProyectos.
910 _afsr
942 _2ddc
_cBOOK
949 _a720.92 C29
_wDEWEY
_c1
_i66310
_lCCODEBUL1
_mBUL
_p106.00
_r0
_sY
_tBOOK
_u2015-7-6
_xINGENIERIA
_o.STAFF. Colección General
999 _c54569
_d54569
980 _81
_gALBERTO SANCHEZ Responsable de Automatización